Aplicación de controladores PI/PID robustos para el control de la congestión en las redes TCP
Збережено в:
| Автор: | |
|---|---|
| Формат: | Книга |
| Опубліковано: |
[San José, Costa Rica]
2010
|
| Предмети: | |
| Теги: |
Додати тег
Немає тегів, Будьте першим, хто поставить тег для цього запису!
|
MARC
| LEADER | 00000nam a2200000Ia 4500 | ||
|---|---|---|---|
| 003 | 010054 | ||
| 005 | 20221231144034.0 | ||
| 008 | 140114s2010 cr a 000 ||s d | ||
| 040 | |c cru CEDI | ||
| 090 | |a TFG 6224 | ||
| 100 | |a Gurdían Murillo, Mauricio |9 2883 | ||
| 245 | |a Aplicación de controladores PI/PID robustos para el control de la congestión en las redes TCP | ||
| 260 | |c 2010 |b [San José, Costa Rica] | ||
| 500 | |a "IE-0502 Proyecto Eléctrico" Proyecto de graduación (bachillerato en ingeniería eléctrica)--Universidad de Costa Rica. Facultad de Ingeniería. Escuela de Ingeniería Eléctrica | ||
| 650 | |x CONTROLADORES PID |x CONTROL AUTOMATICO |x CONTROLADORES LOGICOS PROGRAMABLES |9 2884 | ||
| 942 | |c TFG | ||
| 999 | |c 15979 |d 15979 | ||
